My american history : lesbian and gay life during the Reagan Bush years /

Gespeichert in:
Bibliographische Detailangaben
1. Verfasser: Schulman, Sarah
Format: Buch
Sprache:Englisch
Veröffentlicht: London and New York : Routledge Taylor Francis Group, 2019
Ausgabe:Second edition
Tags: Tag hinzufügen
Keine Tags, Fügen Sie das erste Tag hinzu!

MARC

LEADER 00000nam a22000007i 4500
001 IT\ICCU\UBO\4877828
003 ItRI
005 20260115232009.0
008 250513s2019 xxk|||||| ||||| |||||c
020 |a 9781138563513 
040 |b ita  |c importazione bologna sebina 
041 7 |a eng  |2 ISO-639-2 
100 1 |a Schulman, Sarah  |0 IT\ICCU\UBOV\789740 
240 1 0 |a My american history  |3 IT\ICCU\UBO\4877825  |9 Schulman, Sarah 
245 1 0 |a My american history :  |b lesbian and gay life during the Reagan Bush years /  |c Sarah Schulman. 
250 |a Second edition 
260 |a London and New York :  |b Routledge Taylor Francis Group,  |c 2019 
300 |a xxiii, 363 p. :  |b ill. ;  |c 24 cm 
942 |2 ddc  |c BK  |n 0 
952 |0 0  |1 0  |4 0  |6 DOC_306_766000000000000_SCH  |7 0  |9 18638  |a BO  |b BO  |d 2026-01-15  |i 20178  |l 0  |o DOC 306.766 SCH  |p BO20178  |r 2026-01-15 23:20:10  |w 2026-01-15  |x [Sebina 5] [1 v.]  |y BK  |z 1 v. 
999 |c 15802  |d 15802